[Event "Caracas FVA 80th Ann"]
[Site "Caracas"]
[Date "2015.12.20"]
[Round "7"]
[White "Navas Algarin, Erik Jose"]
[Black "Escalona Landi, Samid Eduardo"]
[Result "1-0"]
[WhiteElo "1868"]
[BlackElo "1611"]
[PlyCount "88"]
[EventDate "2015.12.16"]
[EventType "swiss"]
[EventRounds "8"]
[EventCountry "VEN"]
[SourceTitle "EXT 2018"]
[Source "ChessBase"]
[SourceDate "2017.10.13"]
[SourceVersion "1"]
[SourceVersionDate "2017.10.13"]
[SourceQuality "1"]

1. d4 Nf6 2. Nf3 g6 3. e3 Bg7 4. Bd3 0-0 5. e4 d5 6. Nbd2 b6 7. e5 Nfd7 8. Nf1 Bb7 9. Ng3 c5 10. c3 e6 11. h4 f5 12. exf6 Nxf6 13. h5 Ne4 14. hxg6 hxg6 15. Be3 c4 16. Bc2 Nd7 17. Nxe4 dxe4 18. Ng5 Nf6 19. Nxe6 Qd7 20. Nxf8 Rxf8 21. Qe2 b5 22. Bh6 Ng4 23. Be3 a5 24. 0-0-0 Bd5 25. Rh4 Nf6 26. Bh6 b4 27. Bxg7 Kxg7 28. Rdh1 b3 29. axb3 cxb3 30. Bb1 a4 31. Qe3 a3 32. bxa3 Qa4 33. Qd2 Qxa3+ 34. Qb2 Qa4 35. R4h3 Rc8 36. Kd1 Qc4 37. Ke1 Re8 38. Re3 Bc6 39. Qe2 Qa4 40. c4 Qb4+ 41. Kf1 Rd8 42. Kg1 Rxd4 43. Qb2 Rxc4 44. Rxb3 Qe7 1-0

[Event "Caracas FVA 80th Ann"]
[Site "Caracas"]
[Date "2015.12.17"]
[Round "4"]
[White "Ramirez Gonzalez, Mauricio"]
[Black "Navas Algarin, Erik Jose"]
[Result "1-0"]
[WhiteElo "2040"]
[BlackElo "1868"]
[PlyCount "115"]
[EventDate "2015.12.16"]
[EventType "swiss"]
[EventRounds "8"]
[EventCountry "VEN"]
[SourceTitle "EXT 2018"]
[Source "ChessBase"]
[SourceDate "2017.10.13"]
[SourceVersion "1"]
[SourceVersionDate "2017.10.13"]
[SourceQuality "1"]

1. e4 e6 2. d4 d5 3. Bd3 dxe4 4. Bxe4 Nf6 5. Bf3 Be7 6. Ne2 0-0 7. 0-0 Nbd7 8. Bf4 Nb6 9. Re1 c6 10. Qd3 Nfd5 11. Bd2 c5 12. c4 Nf6 13. b3 Qc7 14. Bf4 Bd6 15. dxc5 Bxf4 16. Nxf4 Qxf4 17. cxb6 axb6 18. Nc3 Ng4 19. g3 Ne5 20. gxf4 Nxd3 21. Re4 Nc5 22. Ree1 Nd3 23. Re4 Nc5 24. Rd1 Bd7 25. Red4 Bc6 26. Kg2 g6 27. Rd6 Rfc8 28. R1d2 Kg7 29. Nb5 Ne4 30. Bxe4 Bxe4+ 31. Kf1 Bc6 32. Ke2 Kf6 33. Ke3 Ke7 34. Nc3 Rd8 35. Rxd8 Rxd8 36. Rxd8 Kxd8 37. b4 Bg2 38. Kd4 Kd7 39. Na4 Kc7 40. Ke5 Bf1 41. c5 bxc5 42. Nxc5 b6 43. Ne4 Kc6 44. Nd6 Bd3 45. a3 Bc2 46. Nxf7 Kb5 47. Kd4 Ka4 48. Kc3 Be4 49. Kb2 Kb5 50. Ne5 Ka6 51. Kb3 b5 52. Kc3 Kb6 53. Kd4 Bc2 54. Nd7+ Kc6 55. Nf8 h5 56. Ke5 Bf5 57. Nxe6 Bd3 58. Nd4+ 1-0